| 000 | 00553nam a2200193 u 4500 | ||
|---|---|---|---|
| 005 | 20210223131217.0 | ||
| 008 | 100208s2004 r 000 0 eng d | ||
| 020 | _a9502314514 | ||
| 035 | _aUPN01000174532 | ||
| 049 | _aCG | ||
| 050 | 4 |
_aR857 M3 _bD8.2 |
|
| 100 | 1 | _aDuffó, Gustavo Sergio | |
| 245 | 1 | 0 |
_aBiomateriales : _buna mejor calidad de vida / _cGustavo S. Duffó. |
| 260 |
_aBuenos Aires : _bEudeba, _b2005. |
||
| 300 |
_a120 p. : _bil., tablas |
||
| 440 | 0 |
_aCiencia joven ; _v5 |
|
| 650 | 4 |
_aMATERIALES BIOMEDICOS _916901 |
|
| 905 | _aLibro | ||
| 999 |
_c146636 _d146636 |
||